Представление документа в формате RUSMARC

ПолеНазваниеЗначение
  Тип записи a
  Библиографический уровень m
001 Контрольный номер RU/IS/BASE/278422632
005 Дата корректировки 20220217162944.0
010 Индекс ISBN __
a ISBN 5-16-001648-1 (в обл.)
d Цена 40-92
100 Данные общей обработки __
a Данные общей обработки 19040330d2004 |||y0rusy0189 ca
101 Язык документа 0_
a Язык текста rus
102 Страна публикации __
a Страна публикации RU
105 Кодированные данные (монография) __
a Кодированные данные (монография) a |||||||zy
200 Заглавие и сведения об ответственности 1_
a Заглавие Бизнес-план фирмы
e Сведения, относящиеся к заглавию теория и практика : учеб. пособие для студентов, обучающихся по направлению 0521600 Экономика и экон. специальностям
f Первые сведения об ответственности В. П. Буров, А. Л. Ломакин, В. А. Морошкин
b Общее обозначение материала Текст
210 Выходные данные 1_
a Место издания М.
c Издательство ИНФРА-М
d Дата издания 2006
215 Физическое описание __
a Объем 191, [1] с.
c Иллюстрации/тип воспроизводства ил., табл.
225 Серия 2_
a Серия Высшее образование
320 Библиография __
a Библиография Библиогр.: с. 190-191 (20 назв.)
330 Аннотация __
a Аннотация В пособии изложены цель и задачи бизнес-плана, структура, порядок и содержание работ по его составлению, а также комментарии к разделам бизнес-плана, раскрывающие существо рассматриваемых в них вопросов.
606 Тематические рубрики __
a Основная рубрика Экономика
606 Тематические рубрики __
a Основная рубрика Внутрифирменное управление. Менеджмент
z Хронологическая подрубрика 21 в. нач.
y Географическая подрубрика РФ; Россия
610 Ключевые слова 0_
a Ключевые слова бизнес-планирование; бизнес-планы; виды услуг; рынок сбыта; финансовые планы; планирование бизнеса; планирование маркетинга; планирование товародвижения; фирмы; финансирование; страхование; инновационные проекты
686 Индексы других классификаций __
a Классификационный индекс 65.291.231.1я73
700 Автор _1
a Фамилия Буров
b Имя В. П.
g Полное личное имя Владимир Петрович
4 Код отношения 070
701 Альтернативная интеллектуальная ответственность _1
a Фамилия Морошкин
b Имя В. А.
g Полное личное имя Виктор Алексеевич
4 Код отношения 070
701 Альтернативная интеллектуальная ответственность _1
a Фамилия Ломакин
b Имя А. Л.
g Полное личное имя Андрей Леонидович
4 Код отношения 070
801 Источник записи _0
a Страна RU
b Организация Муниципальное бюджетное учреждение культуры "Централизованная библиотечная система" г. Сургут (Центральная городская библиотека им. А. С. Пушкина)
c Дата составления 20040330
g Правила каталогизации КиК/Елгина
801 Источник записи _1
a Страна RU
b Организация Муниципальное бюджетное учреждение культуры "Централизованная библиотечная система" г. Сургут (Центральная городская библиотека им. А. С. Пушкина)
c Дата составления 20040330
g Правила каталогизации КиК/Елгина
852 Данные о местонахождении __
j Шифр хранения 65.291.231.1я73
c Каталожный индекс 65.290-2я73
i Авторский знак Б 91
901 Тип документа __
t Тип документа m
903 Характеристики (МАРС) __
a Дата передачи 20061220
969 Тип издания __
a Тип издания учебное пособие
990 Данные о заказе (DOS) __
j Количество экземпляров (DOS) 1
h N записи в КСУ для Б/У (DOS) 200701